HIV/AIDS : diritti e responsabilita /
Salvato in:
| Altri autori: | , , |
|---|---|
| Natura: | Libro |
| Lingua: | italiano |
| Pubblicazione: |
[S. l.] :
Edas,
stampa 1998
|
| Tags: |
Nessun Tag, puoi essere il primo ad aggiungerne!!
|
MARC
| LEADER | 00000nam a22000007i 4500 | ||
|---|---|---|---|
| 001 | IT\ICCU\SNT\0003807 | ||
| 003 | ItRI | ||
| 005 | 20260115231953.0 | ||
| 008 | 070207s1998 it |||||| ||||| |||||c | ||
| 020 | |a 8887371091 | ||
| 040 | |b ita |c importazione bologna sebina | ||
| 041 | 7 | |a ita |2 ISO-639-2 | |
| 245 | 0 | 0 | |a HIV/AIDS : |b diritti e responsabilita / |c a cura di Elisabetta Simeoni, Giovani Serpelloni, Marco Spiniello ; in collaborazione con Massimo Montisci, Rossella Snenghi. |
| 260 | |a [S. l.] : |b Edas, |c stampa 1998 |e (Castenedolo : |f Industrie tipografiche Stilgraf) | ||
| 300 | |a XV, 447 p. ; |c 25 cm | ||
| 500 | |a Ed.f.c | ||
| 500 | |a In cop.: Progetto POS del Ministero della sanita | ||
| 700 | 1 | |a Serpelloni, Giovanni |0 IT\ICCU\CFIV\134097 | |
| 700 | 1 | |a Simeoni, Elisabetta, |d (1967- ) |0 IT\ICCU\CFIV\218211 | |
| 700 | 1 | |a Spiniello, Marco |0 IT\ICCU\SNTV\001217 | |
| 942 | |2 ddc |c BK |n 0 | ||
| 952 | |0 0 |1 0 |4 0 |6 A_348_450000000000000_SIM |7 0 |9 18142 |a BO |b BO |d 2026-01-15 |i 15738 |l 0 |o A 348.45 SIM |p BO15738 |r 2026-01-15 23:19:53 |w 2026-01-15 |x [Sebina 7] [1 v.] |y BK |z 1 v. | ||
| 999 | |c 15383 |d 15383 | ||